Faizul Qulub Fi Miladil Mahbub : / فيض القلوب فی ميلاد المحبوب (Record no. 27144)
[ view plain ]
| 000 -LEADER | |
|---|---|
| fixed length control field | 00550nam a22001697a 4500 |
| 003 - CONTROL NUMBER IDENTIFIER | |
| control field | BDDh-ASL |
| 005 - DATE AND TIME OF LATEST TRANSACTION | |
| control field | 20231015030729.0 |
| 008 - FIXED-LENGTH DATA ELEMENTS--GENERAL INFORMATION | |
| fixed length control field | 211026s1884 ii ||||| |||| 00| 0 u d |
| 040 ## - CATALOGING SOURCE | |
| Original cataloging agency | BDDh-ASL |
| Transcribing agency | BDDh-ASL |
| 082 ## - DEWEY DECIMAL CLASSIFICATION NUMBER | |
| Classification number | 297.3 |
| Item number | FAF |
| 100 1# - MAIN ENTRY--PERSONAL NAME | |
| 9 (RLIN) | 5418 |
| Personal name | Fayazuddin, Maulavi |
| 245 10 - TITLE STATEMENT | |
| Title | Faizul Qulub Fi Miladil Mahbub : / فيض القلوب فی ميلاد المحبوب |
| 260 ## - PUBLICATION, DISTRIBUTION, ETC. | |
| Place of publication, distribution, etc. | Lucknow : |
| Name of publisher, distributor, etc. | Munshi Mohammad Ali Hussain Press , |
| Date of publication, distribution, etc. | 1306 H. / 1884. |
| 300 ## - PHYSICAL DESCRIPTION | |
| Extent | 44 p. : |
| Dimensions | 23 cm. |
| 650 #0 - SUBJECT ADDED ENTRY--TOPICAL TERM | |
| 9 (RLIN) | 5142 |
| Topical term or geographic name entry element | Islamic Discourse |
| 942 ## - ADDED ENTRY ELEMENTS (KOHA) | |
| Source of classification or shelving scheme | Dewey Decimal Classification |
| Koha item type | Books |
| Withdrawn status | Lost status | Source of classification or shelving scheme | Damaged status | Not for loan | Collection code | Home library | Current library | Shelving location | Date acquired | Source of acquisition | Serial Enumeration / chronology | Total Checkouts | Full call number | Barcode | Date last seen | Copy number | Price effective from | Koha item type |
|---|---|---|---|---|---|---|---|---|---|---|---|---|---|---|---|---|---|---|
| Dewey Decimal Classification | Non-fiction | Asiatic Society Library | Asiatic Society Library | General Stacks | 10/26/2021 | ASB Library Collection | U-0583 | 297.3 FAF | 113228 | 10/26/2021 | C-1 | 10/26/2021 | Books |